Statistics for 東京23区の区役所最寄駅

Click here to take the quiz!

General Stats

  • This quiz has been taken 517 times
  • The average score is 12 of 23

Answer Stats

HintAnswer% Correct
新宿区新宿・新宿三丁目・西武新宿
89%
渋谷区渋谷
85%
中野区中野
83%
練馬区練馬
78%
台東区上野
74%
板橋区板橋区役所前
74%
大田区蒲田
73%
北区王子
59%
文京区後楽園・春日
58%
豊島区東池袋
55%
目黒区中目黒
55%
荒川区荒川区役所前
49%
江戸川区新小岩
45%
江東区東陽町
44%
千代田区九段下
38%
杉並区南阿佐ヶ谷
37%
世田谷区松陰神社前
26%
品川区下神明
25%
墨田区本所吾妻橋
24%
足立区梅島
23%
港区御成門
23%
中央区新富町
20%
葛飾区京成立石
19%

Score Distribution

Percentile by Number Answered

Percent of People with Each Score

Your Score History

You have not taken this quiz